000 00292nam a22001457a 4500
003 OSt
020 _aNA
040 _c0
082 _222
_a398.204954
100 _aTshering Gyeltshen.
245 _aJigten geypai trotam /
260 _bNA
_cc2000.
300 _a0
_bill. ;
942 _2ddc
_cDZ
_04
999 _c4503
_d4503